000 00771nam a2200277Ia 4500
001 42445
005 20240114003505.0
007 ta
008 080626s1861 a g b000 u 903 u
020 _cHB
040 _aCotton College,Assam
041 _a903
082 _a954.8
_bB 768 N
100 _aBriggs, Henry George .
245 0 _aThe Nizam His History And Relations with The British Government /
_cHenry George Briggs.
_hTextual Documents
250 _aIst ed /
260 _aLondon :
_bBernard quaritch, 15 Piccadillyy ,
_c1861.
300 _a423p :
_bill ;
_c21cm .
653 _aIndian History
653 _aRare- History Indian
653 _aT/G-History
942 _2ddc
_cBK
999 _c42411
_d42411